LEADER 00888nam a22002411i 4500 001 991003891189707536 005 20040630100556.0 008 040802s1954 it |||||||||||||||||ita 035 $ab13143402-39ule_inst 035 $aARCHE-109601$9ExL 040 $aBiblioteca Interfacoltà$bita$cA.t.i. Arché s.c.r.l. Pandora Sicilia s.r.l. 082 04$a851.91 100 1 $aDe Michelis, Eurialo$0156848 245 10$aQuaderno /$cdi Eurialo De Michelis 260 $aRoma :$bPalombi,$cstampa 1954 300 $a88 p. ;$c20 cm 500 $aEd. di 333 esempl. num. e firmati dall'A. 907 $a.b13143402$b02-04-14$c05-08-04 912 $a991003891189707536 945 $aLE002 Fondo Giudici R 44$g1$i2002000399199$lle002$nC. 1$o-$pE0.00$q-$rn$so $t0$u0$v0$w0$x0$y.i13781182$z05-08-04 996 $aQuaderno$9310201 997 $aUNISALENTO 998 $ale002$b05-08-04$cm$da $e-$fita$git $h0$i1